| 000 | 00774nam a22001937a 4500 | ||
|---|---|---|---|
| 999 |
_c22224 _d22224 |
||
| 003 | AR-CdUCM | ||
| 008 | 190425b ||||| |||| 00| 0 spa d | ||
| 040 |
_aMUNICIPALIDAD PROVINCIAL DEL CUSCO _cBIBLIOTECA MUNICIPAL DEL CUSCO |
||
| 082 | _aRimariy/N°2/2006 | ||
| 245 |
_aRimariy : _brevista de la Red Juvenil de la Nor Occidental Cusco / |
||
| 260 |
_aCusco. _bRimariy, _c2006. |
||
| 300 |
_a22 páginas. : _bilustraciones ; _c29 cm. |
||
| 440 |
_aRimariy. _nAño 1, N°2, noviembre 2006. _947678 |
||
| 505 | _aContenido: Noticias de la Red. -- Uniendo esfuerzos para mejorar nuestros barrios. -- Violencia contra la mujer. -- poesía cuentos y más. .. | ||
| 650 |
_aSociedad cusqueña _947493 |
||
| 650 |
_aBarrios populares _947677 |
||
| 942 |
_2ddc _cPP |
||
| 945 | _arac | ||